000 01386cam a2200421 i 4500
001 52829
003 KOSZ 005
005 20210313123828.0
008 071022s2007 pl a f f |001 0 pol
015 _aPB 2009/27079
020 _a9788320432503
035 _a(OCoLC)749231433
040 _aWA N
_cWAN
_dKOSZ 005/HR
046 _k2007
080 _a620.92
080 _a502.17
080 _a629.33
080 _a(075.8)
100 1 _aJastrzębska, Grażyna
_eAutor
245 1 0 _aOdnawialne źródła energii i pojazdy proekologiczne /
_cGrażyna Jastrzębska.
260 _aWarszawa :
_bWydawnictwa Naukowo-Techniczne,
_c2007.
300 _a240, [1] s. :
_bil. ;
_c24 cm.
336 _2rdacontent
_aTekst
_btxt
337 _2rdamedia
_aBez urządzenia pośredniczącego
_bn
338 _2rdacarrier
_aWolumin
_bnc
380 _aKsiążki
380 _aPublikacje dydaktyczne
385 _aPoziom nauczania
_mSzkoły wyższe
388 _a2001-
504 _aBibliogr. przy rozdz. Indeksy.
658 _aOchrona środowiska
655 4 _aPodręczniki akademickie
650 4 _aOdnawialne źródła energii
650 4 _aSamochody ekologiczne
710 2 _aWydawnictwa Naukowo-Techniczne
_4pbl.
856 _uhttp://koha.tu.koszalin.pl/cgi-bin/koha/opac-detail.pl?biblionumber=52829
_yKatalog online BPK
942 _2UKD
_cKS
999 _c52829
_d52829